[Event "10th Mumbai Mayors Cup 2017"]
[Site "Mumbai"]
[Date "2017.06.11"]
[Round "10"]
[White "Kamdar Udit"]
[Black "Krishna Teja, N."]
[Result "1/2-1/2"]
[WhiteElo "2028"]
[BlackElo "2406"]
[Annotator "TA"]
[PlyCount "122"]
[EventDate "2017.06.04"]
[EventType "swiss"]
[EventCountry "IND"]
[SourceTitle "playchess.com"]
[Source "ChessBase"]
[SourceQuality "1"]

{[%evp 18,122,-12,-20,0,0,0,-32,-30,-35,-25,-42,16,9,24,23,28,15,38,26,18,-92,-77,-75,-75,-102,-75,-87,-86,-101,-100,-115,-109,-134,-141,-224,-243,-321,-322,-302,-298,-264,-216,-229,-216,-215,-210,-213,-213,-216,-218,-216,-219,-208,-173,-436,-435,-411,-332,-321,-311,-464,-455,-495,-507,-527,-487,-455,-467,-464,-464,-678,-651,-589,-580,-514,-181,-165,-160,-152,0,-141,-134,-212,-38,-50,-5,-20,-36,-41,0,0,0,0,0,0,0,0,0,0,0,-74,0,0,0,0,0]} 1. e4 e6 2. Nc3 d5 3. Nf3 Nf6 4. e5 Nfd7 5. d4 c5 6. dxc5 Nc6 7. Bf4 Be7 8. Bd3 Nxc5 9. O-O O-O 10. Re1 {LiveBook: 5 Games. C11: French: Classical System: 4 e5 and 4 Bg5 dxe4} f5 (10... a6 {is more complex.} 11. Bf1 f5 12. exf6 Bxf6 13. Bg3 b5) (10... a6 11. a3 f5 12. exf6 Bxf6 13. Bg3 Qb6 14. Rb1 Nxd3 15. Qxd3 Nd4 16. Ne5 Nf5 17. Bf4 Qd4 18. Qxd4 Nxd4 {½-½ (54) Chandler,M (2544)-Efimenko,Z (2601) West Bromwich 2005}) 11. exf6 Bxf6 12. Ne5 $146 (12. Qd2 {is interesting.} a6 13. Bg3 b5 14. a3 Bb7 15. Rad1) ({Predecessor:} 12. Bg3 Bd7 13. Bd6 Be7 14. Bxe7 Nxe7 15. Ne5 Be8 16. Qg4 Rf6 17. Re3 d4 {½-½ (30) Domont,A (2200)-Ruefenacht,M (2260) Biel 1983}) 12... Nxe5 13. Bxe5 Bxe5 14. Rxe5 Nxd3 (14... Qb6 $15 15. Re3 Rf6) 15. Qxd3 $11 Qb6 16. Nd1 $1 Bd7 17. c3 Rf6 18. Qe3 Qa6 19. f4 {[#]} (19. Qe2 $11 {remains equal.}) 19... Rxf4 $1 $17 {[%mdl 512]} 20. Qxf4 Rf8 $36 {[%mdl 2048] Keeping White busy.} 21. Qxf8+ Kxf8 22. Nf2 Ke7 23. a3 Qb5 24. b4 Kd6 25. Rae1 Qa4 26. Nh3 (26. R5e3 $17) 26... Qxa3 $19 27. R1e3 Qc1+ 28. Kf2 Qc2+ 29. Kg1 Qd1+ 30. Kf2 Qg4 31. Ng5 h6 32. Nf3 g5 33. h3 Qf4 34. g3 Qf6 35. Rd3 Qg6 36. Rde3 $2 (36. Rd2) 36... Qc2+ 37. Kg1 Qd1+ 38. Kg2 b6 39. Nd4 (39. Re2 $142) 39... a5 40. bxa5 bxa5 41. Nxe6 a4 42. Nd4 a3 {Strongly threatening ...a2.} 43. Re1 Qd2+ 44. R1e2 (44. R5e2 $142 Qxc3 45. Rd1) 44... Qxc3 45. Nf5+ Bxf5 46. Rxf5 {[%mdl 4096] Endgame KQ-KRR} Kc5 $2 (46... d4 47. Rf6+ Kd5) 47. Rf3 Qa1 48. Rf1 Qc3 49. Rf3 $1 {[%cal Rf3c3]} Qc4 50. Ree3 a2 $2 (50... Qa2+ $19 51. Rf2 Qa1) 51. Ra3 $1 $15 Qe2+ 52. Rf2 Qe4+ 53. Kh2 h5 (53... a1=R $5 54. Rxa1 d4 $15) 54. Rfxa2 h4 55. gxh4 gxh4 56. Rc3+ Kd4 57. Rca3 Qe1 58. Ra4+ Ke5 {And now ...Qg3+ would win.} 59. R4a3 {[#]} (59. Rg4 $11 {keeps the balance.}) 59... d4 ({Black should play} 59... Qf1 $1 $17 {White must now prevent ...Ke4.} 60. Ra1 Qf2+ 61. Kh1 Qe2) 60. Rd3 $11 Ke4 61. Rad2 Ke5 {Precision: White = 63%, Black = 59%.} 1/2-1/2

[Event "10th Mumbai Mayors Cup 2017"]
[Site "Mumbai"]
[Date "2017.06.11"]
[Round "10"]
[White "Ajay Karthikeyan"]
[Black "Aditya Mittal"]
[Result "1-0"]
[WhiteElo "2023"]
[BlackElo "2211"]
[Annotator "ChessBase"]
[PlyCount "179"]
[EventDate "2017.06.04"]
[EventType "swiss"]
[EventCountry "IND"]
[SourceTitle "playchess.com"]
[Source "ChessBase"]
[SourceQuality "1"]
[TimeControl "5400+30"]

1. d4 d5 2. Nf3 Nf6 3. c4 c6 4. g3 dxc4 5. Bg2 g6 6. Ne5 Bg7 7. Nxc4 O-O 8. O-O Be6 9. Ne5 Nfd7 10. Nf3 Nb6 11. Nc3 Na6 12. Bf4 Nb4 13. Re1 N4d5 14. Bc1 Nxc3 15. bxc3 c5 16. e4 Bg4 17. e5 cxd4 18. cxd4 Qd7 19. Be3 f6 20. Qb3+ Be6 21. Qb4 Nd5 22. Qa3 Rac8 23. Bd2 b5 24. Rac1 Rc4 25. exf6 Rxc1 26. f7+ Bxf7 27. Rxc1 Nb6 28. Bf4 Nc4 29. Qd3 e5 30. Bg5 exd4 31. Re1 Re8 32. Rxe8+ Qxe8 33. Bh3 Bd5 34. Nxd4 Qe1+ 35. Bf1 Qe5 36. Be3 Nxe3 37. fxe3 Bh6 38. Nc2 Qe4 39. Kf2 Qh1 40. Ke1 Bc4 41. Qd8+ Bf8 42. Qf6 Bxf1 43. Qxf1 Qxh2 44. Kd1 Qh5+ 45. Kc1 Qe5 46. Qd3 a5 47. e4 b4 48. Qc4+ Kg7 49. Qd3 a4 50. Qd7+ Be7 51. Nxb4 Qc3+ 52. Nc2 Kf8 53. Qxa4 Qxg3 54. Qa8+ Kg7 55. Qb7 Qe5 56. a4 h5 57. a5 h4 58. Qd7 h3 59. Qxh3 Bg5+ 60. Kd1 Qd6+ 61. Ke2 Qd2+ 62. Kf1 Qf4+ 63. Ke2 Qd2+ 64. Kf1 Qxc2 65. Qd7+ Kh6 66. Qh3+ Kg7 67. Qd7+ Kf8 68. Qd6+ Be7 69. Qxg6 Qd1+ 70. Kg2 Qe2+ 71. Kg3 Qe3+ 72. Kg4 Qg1+ 73. Kf5 Qf2+ 74. Ke6 Qa2+ 75. Kd7 Qa4+ 76. Qc6 Qd4+ 77. Ke6 Qf6+ 78. Kd7 Qd4+ 79. Ke6 Qf6+ 80. Kd7 Qg7 81. Qa8+ Kf7 82. Qe8+ Kf6 83. e5+ Kf5 84. Qxe7 Qg1 85. Qf6+ Ke4 86. e6 Qa7+ 87. Ke8 Qb8+ 88. Kf7 Qh2 89. e7 Qh7+ 90. Kf8 1-0

[Event "10th Mumbai Mayors Cup 2017"]
[Site "Mumbai"]
[Date "2017.06.11"]
[Round "10"]
[White "Chandreyee, Hajra"]
[Black "Mahalakshmi, M.."]
[Result "1/2-1/2"]
[WhiteElo "1997"]
[BlackElo "2180"]
[Annotator "TA"]
[PlyCount "99"]
[EventDate "2017.06.04"]
[EventType "swiss"]
[EventCountry "IND"]
[SourceTitle "playchess.com"]
[Source "ChessBase"]
[SourceQuality "1"]

{[%evp 13,99,0,2,0,4,12,20,0,0,0,4,-7,0,-2,0,-6,0,0,0,0,0,0,0,0,0,0,0,0,0,0,0,0,0,0,0,0,0,0,0,-27,0,0,0,0,0,0,0,0,0,0,0,0,0,0,0,0,0,0,0,0,0,0,0,0,0,0,0,0,0,0,0,0,0,0,0,0,0,0,0,0,0,0,0,0,0,0,0,0]} 1. e4 e6 2. d4 d5 3. exd5 exd5 4. Bd3 Bd6 5. Nf3 Nf6 6. O-O O-O 7. h3 h6 8. Nbd2 {C01: French: Exchange Variation} (8. Nc3 c6 9. Ne5 c5 10. Nb5 Be7 11. dxc5 Bxc5 12. Bf4 a6 13. Nc3 Nc6 14. Qd2 d4 15. Ne2 Re8 16. Nxc6 bxc6 {½-½ (37) Fressinet,L (2668)-Bacrot,E (2696) Balagna 2017}) 8... c6 {[%cal Bc7c6,Bc6c5][%mdl 32]} 9. Re1 Re8 10. Ne5 c5 $146 ({Predecessor:} 10... Nbd7 11. Ndf3 Qc7 12. Bf4 b6 13. c4 Bb7 14. Rc1 Re7 15. Bb1 Rae8 16. Qc2 {1-0 (27) Mateus,M (2153)-Agudelo Rodriguez,C (1637) Medellin 2014}) 11. c3 Nc6 {[%cal Rc6e5]} 12. Nxc6 bxc6 13. Nf3 Rxe1+ 14. Qxe1 cxd4 15. cxd4 Qb6 16. b3 Ba6 17. Bxa6 Qxa6 18. Qf1 Qb6 19. Be3 Ne4 20. Rc1 a5 21. Ne5 Bxe5 22. dxe5 d4 23. Qd3 dxe3 24. Qxe4 exf2+ $11 {[%mdl 4096] Endgame KQR-KQR} 25. Kf1 $1 Rd8 26. Qe2 Rd5 27. e6 {The position is equal.} fxe6 28. Qxe6+ Kf8 29. g3 Rd2 30. Qf5+ Ke7 31. Qe4+ Kd8 32. Qxc6 Qxc6 33. Rxc6 Rxa2 {KR-KR} 34. Rg6 Rb2 35. Rxg7 Rxb3 36. Rg6 a4 37. Kxf2 h5 38. Rh6 Rb5 39. Ra6 Rb2+ 40. Kf3 Rb3+ 41. Kf4 a3 42. h4 Ke7 43. Ra4 Kd6 44. Kg5 Rxg3+ 45. Kxh5 Kc6 46. Kh6 Kb5 47. Ra8 $1 Rd3 48. h5 Kb4 49. Kg7 Rg3+ 50. Kh7 {Precision: White = 90%, Black = 78%.} 1/2-1/2

[Event "10th Mumbai Mayors Cup 2017"]
[Site "Mumbai"]
[Date "2017.06.11"]
[Round "10"]
[White "Anisuzzaman, Jewel"]
[Black "Singh, D P"]
[Result "1-0"]
[WhiteElo "1985"]
[BlackElo "2132"]
[Annotator "TA"]
[PlyCount "35"]
[EventDate "2017.06.04"]
[EventType "swiss"]
[EventCountry "IND"]
[SourceTitle "playchess.com"]
[Source "ChessBase"]
[SourceQuality "1"]

{[%evp 17,35,29,33,26,35,14,47,33,80,66,75,44,106,111,123,108,98,37,32,0]} 1. Nf3 $146 e6 2. d4 f5 3. g3 Nf6 4. Bg2 d5 5. c4 Bd6 6. Nc3 c6 7. Bf4 Bxf4 8. gxf4 O-O 9. e3 Nbd7 {LiveBook: 5 Games. A90: Dutch Defence: Miscellaneous and Modern Stonewall (with ...Bd6)} 10. Qb3 b6 11. Ng5 {[%cal Rc4d5]} Nb8 {The position is equal.} 12. O-O-O Kh8 13. Kb1 Qe7 14. Rc1 h6 (14... Bb7 $14) 15. Nf3 Nbd7 16. cxd5 cxd5 17. Ne5 ({Better is} 17. Nb5 $16) 17... Nxe5 $14 18. fxe5 {[%mdl 32768] Loss on Time!?} 1-0

[Event "10th Mumbai Mayors Cup 2017"]
[Site "Mumbai"]
[Date "2017.06.11"]
[Round "10"]
[White "Nikhil Magizhnan"]
[Black "Senthil Maran K"]
[Result "0-1"]
[WhiteElo "1983"]
[BlackElo "2152"]
[Annotator "TA"]
[PlyCount "92"]
[EventDate "2017.06.04"]
[EventType "swiss"]
[EventCountry "IND"]
[SourceTitle "playchess.com"]
[Source "ChessBase"]
[SourceQuality "1"]

{[%evp 12,92,55,57,52,44,46,0,0,0,31,0,0,-10,0,-29,38,30,39,0,11,14,10,0,0,0,0,10,18,0,25,0,0,0,0,0,0,0,0,0,0,-87,0,-72,0,-19,-4,-50,-55,-79,-83,-83,-83,-122,-118,-462,-438,-485,-473,-442,-435,-622,-616,-1041,-1032,-676,-619,-1141,-1050,-752,-639,-1190,-1050,-12837,-12837,-12837,-12840,-12850,-5289,-12849,-939,-12848,-12847]} 1. e4 c5 2. Nf3 Nf6 3. e5 Nd5 4. Nc3 Nxc3 5. dxc3 Nc6 6. Bc4 e6 7. Bf4 Qb6 {B29: Sicilian: 2 Nf3 Nf6 (Nimzowitsch Variation)} (7... h6 8. Qe2 Qc7 9. Bg3 b6 10. O-O-O Bb7 11. Rd2 O-O-O 12. Rhd1 Kb8 13. Ba6 Be7 14. h4 Ka8 15. Kb1 {1-0 (40) Najer,E (2634)-Korobov,A (2687) Jerusalem 2015}) 8. Rb1 Qc7 9. Qd2 b6 {The position is equal.} 10. O-O Bb7 11. Rfd1 $146 ({Predecessor:} 11. Rbd1 h6 12. Bg3 O-O-O 13. Qd3 Kb8 14. Rfe1 {½-½ (31) Konguvel,P (2404)-Bellini,F (2499) Badalona 2006}) 11... h6 12. h4 O-O-O 13. Bg3 Be7 (13... Ne7 $11) 14. Qe2 $14 Rhe8 15. Ba6 d5 16. exd6 Bxd6 17. Bxb7+ Kxb7 18. Bxd6 Rxd6 19. Rxd6 Qxd6 20. Rd1 Qc7 21. a3 Rd8 22. Rxd8 Qxd8 23. Ne5 {Threatens to win with Qf3.} Nxe5 24. Qxe5 $11 {[%mdl 4096] Endgame KQ-KQ} Qd1+ 25. Kh2 Qg4 26. Qd6 (26. g3 $11) 26... Qxh4+ $17 27. Kg1 {[#]} Qe4 (27... Qa4 $1 $17 28. Qe7+ Ka6 29. Qxf7 Qxc2) 28. Qd7+ Ka6 29. a4 Qd5 30. Qxf7 Qd1+ 31. Kh2 Qxc2 32. Qxe6 Qxb2 ({Don't do} 32... Qxa4 33. Qc8+ Ka5 34. Qc7 $15) 33. Qc8+ $2 {[%mdl 8192]} (33. Qd7 $17 {nothing else works.}) 33... Ka5 $19 {Black is clearly winning.} 34. Qd7 {[%cal Rd7a7] [#]} a6 35. Qxg7 Qxf2 36. Qxh6 (36. Qg4 $142 Qc2 37. Qf3) 36... c4 37. Qe6 Qh4+ 38. Kg1 Qf4 39. g4 {Qf5+ is the strong threat.} Qg3+ 40. Kf1 Qf3+ 41. Kg1 Qxc3 42. Kg2 Qd2+ 43. Kf3 c3 44. Qe2 Qd5+ (44... Qxe2+ $142 45. Kxe2 Kxa4) 45. Ke3 Kb4 (45... Qe5+ $142 46. Kd3 Qxe2+ 47. Kxe2 Kxa4) 46. Qxa6 Qc5+ {Precision: White = 22%, Black = 77%.} 0-1